Normale Ansicht MARC-Ansicht ISBD

Die ländliche Verfassung Rußlands : (Titelsatznr. 13621)

[ MARC ]
MARC-Details
000 -Satzkennung
Kontrollfeld mit fester Länge 00613nam a22001931c 4500
001 - Kontrollnummer
Kontrollfeld 043785794
008 - Feld mit fester Länge zur physischen Beschreibung - Allgemeine Angaben
Kontrollfeld mit fester Länge 070125s1993 gw |||| 000u ger d
020 ## - Internationale Standardbuchnummer
Internationale Standardbuchnummer 3894739304
Verknüpfung 3-89473-930-4
041 ## - Sprachcode
Sprachcode des Textes/der Tonspur oder des separaten Titels ger
040 ## - Katalogisierungsquelle
Übertragungsstelle RU-10907106
003 - Kontrollnummer Identifier
Kontrollfeld RU-10907106
100 1# - Haupteintragung - Personenname
Personenname Haxthausen, August von
245 04 - Titel
Titel Die ländliche Verfassung Rußlands :
Zusatz zum Titel ihre Entwicklung und ihre Festlegung in der Gesetzgebung von 1861 /
Verfasserangabe etc. August von Haxthausen
250 ## - Ausgabebezeichnung
Ausgabebezeichnung Repr. der Ausg. Leipzig, 1866
264 ## - Produktion, Veröffentlichung, Distribution, Herstellung und Urheberrechtsvermerk
Herstellungs-, Veröffentlichungs- Vertriebs-, Erzeugungsort Münster [u.a.] :
Produzent, Herausgeber, Distributor, Hersteller Lit,
Datum der Herstellung, der Veröffentlichung, des Vertriebs oder des Urheberschutzvermerks 1993
300 ## - Physische Beschreibung
Umfang XVI, 423 S. ; 21 cm
490 #0 - Gesamttitelangabe
Gesamttitelangabe Imperium Russicum
Bandnummer/Folgebezeichnung 1
942 ## - Zusätzliche Felder (Koha)
Koha-Medientyp Monographien
Exemplare
Ausgeschieden Verloren Klassifikation oder Aufstellungssystematik Beschädigt Nicht entleihbar Heimatbibliothek Aufenthaltsbibliothek Aufstellungsort Erwerbungsdatum Inventarnummer Signatur Barcode Letzte Aktivität Preis gültig von Koha-Medientyp
    Andere/Generische Klassifikation     MWN Osteuropa MWN Osteuropa Magazin - 2 25/01/2007 07-01607 R 54 p Hax E004015078FBB686 22/02/2021 22/03/2021 Monographien